"Top 6" Tile Select - Geography - Statistics

General Stats
  • This quiz has been taken 144 times
  • The average score is 43 of 64
Answer Stats
Question Tile Select % Correct
What are "top 6" countries in terms of population? Vietnam No
100%
What are "top 6" countries in terms of population? China Yes
98%
What are "top 6" countries in terms of population? Egypt No
98%
What are "top 6" countries in terms of population? Ethiopia No
96%
What are "top 6" countries in terms of population? India Yes
96%
What are "top 6" countries in terms of population? Philippines No
96%
What are "top 6" countries in terms of population? DRC No
95%
What are the "top 6" countries in terms of average elevation? North Korea No
95%
What are the "top 6" lakes by surface area? Lake Ladoga No
94%
What are the "top 6" lakes by surface area? Lake Winnipeg No
92%
What are the "top 6" countries in terms of average elevation? Argentina No
90%
"Top 6" countries in terms of coffee consumption (per capita)? China No
90%
What are the "top 6" countries in terms of average elevation? Paraguay No
90%
What are "top 6" countries in terms of population? USA Yes
90%
What are "top 6" countries in terms of population? Mexico No
89%
What are "top 6" countries in terms of population? Japan No
87%
What are the "top 6" countries in terms of average elevation? Nepal Yes
85%
What are the "top 6" lakes by surface area? Great Salt Lake No
84%
What are the "top 6" lakes by surface area? Great Slave Lake No
84%
What are the "top 6" lakes by surface area? Lake Superior Yes
84%
What are the "top 6" countries in terms of average elevation? Norway No
84%
What are the "top 6" lakes by surface area? Lake Malawi No
83%
What are "top 6" countries in terms of population? Bangladesh No
81%
What are the "top 6" lakes by surface area? Great Bear Lake No
81%
"Top 6" countries in terms of coffee consumption (per capita)? Russia No
81%
"Top 6" countries in terms of coffee consumption (per capita)? Australia No
78%
What are the "top 6" lakes by surface area? Caspian Sea Yes
78%
What are the "top 6" countries in terms of average elevation? China No
78%
What are the "top 6" lakes by surface area? Lake Erie No
78%
What are the "top 6" lakes by surface area? Lake Titicaca No
78%
What are "top 6" countries in terms of population? Indonesia Yes
77%
What are "top 6" countries in terms of population? Russia No
77%
What are the "top 6" countries in terms of average elevation? Afghanistan No
76%
What are the "top 6" countries in terms of average elevation? Austria No
73%
What are the "top 6" countries in terms of average elevation? Bhutan Yes
73%
"Top 6" countries in terms of coffee consumption (per capita)? Greece No
70%
What are the "top 6" lakes by surface area? Lake Ontario No
68%
What are "top 6" countries in terms of population? Brazil Yes
66%
What are the "top 6" countries in terms of average elevation? Chile No
63%
What are the "top 6" lakes by surface area? Lake Victoria Yes
62%
What are "top 6" countries in terms of population? Nigeria No
61%
"Top 6" countries in terms of coffee consumption (per capita)? UK No
61%
"Top 6" countries in terms of coffee consumption (per capita)? Turkey No
60%
What are the "top 6" lakes by surface area? Lake Michigan Yes
57%
"Top 6" countries in terms of coffee consumption (per capita)? Spain No
57%
What are the "top 6" countries in terms of average elevation? Andorra Yes
56%
What are the "top 6" countries in terms of average elevation? Bolivia No
53%
What are the "top 6" lakes by surface area? Lake Baikal No
43%
What are "top 6" countries in terms of population? Pakistan Yes
43%
"Top 6" countries in terms of coffee consumption (per capita)? France No
42%
What are the "top 6" countries in terms of average elevation? Switzerland No
38%
What are the "top 6" countries in terms of average elevation? Kyrgyzstan Yes
37%
"Top 6" countries in terms of coffee consumption (per capita)? Sweden Yes
37%
What are the "top 6" countries in terms of average elevation? Tajikistan Yes
37%
What are the "top 6" lakes by surface area? Lake Huron Yes
34%
What are the "top 6" countries in terms of average elevation? Lesotho Yes
33%
"Top 6" countries in terms of coffee consumption (per capita)? Finland Yes
31%
"Top 6" countries in terms of coffee consumption (per capita)? Denmark Yes
30%
"Top 6" countries in terms of coffee consumption (per capita)? Norway Yes
30%
What are the "top 6" lakes by surface area? Lake Tanganyika Yes
29%
"Top 6" countries in terms of coffee consumption (per capita)? Italy No
28%
"Top 6" countries in terms of coffee consumption (per capita)? Netherlands Yes
28%
"Top 6" countries in terms of coffee consumption (per capita)? USA No
28%
"Top 6" countries in terms of coffee consumption (per capita)? Iceland Yes
25%
No matching quizzes found
Score Distribution
Percent of People with Each Score
Percentile by Number Answered
Your Score History
You have not taken this quiz